[Event "Metz Fischer II-Epinal"]
[Site "Vandoeuvre"]
[Date "2008.01.20"]
[Round "6.2"]
[White "Bastian, Herbert"]
[Black "Souleidis, Georgios"]
[Result "1/2-1/2"]
[WhiteElo "2385"]
[BlackElo "2421"]
[PlyCount "163"]
[EventDate "2008.01.20"]
[SourceDate "2007.10.27"]

1. e4 c5 2. Nc3 a6 3. g3 b5 4. Bg2 Bb7 5. d3 e6 6. Nf3 d6 7. O-O Nf6 8. a4 b4
9. Nb1 Be7 10. Nbd2 O-O 11. Re1 Qc7 12. Nc4 Nc6 13. c3 Nd7 14. Bd2 Rab8 15. Rc1
bxc3 16. bxc3 Na5 17. Nxa5 Qxa5 18. d4 c4 19. Ra1 Ba8 20. Qc2 Rfe8 21. h4 h6
22. Nh2 Nf6 23. Nf1 d5 24. f3 dxe4 25. fxe4 Rb3 26. Ne3 Qc7 27. e5 Nd7 28. Bxa8
Rxa8 29. a5 Qc6 30. Rf1 Rab8 31. Bc1 f6 32. Ng4 f5 33. Ne3 Nf8 34. Ra2 Ng6 35.
h5 Nh8 36. g4 fxg4 37. Nxg4 Rf8 38. Rxf8+ Bxf8 39. Ne3 Qf3 40. Qg2 Qxh5 41. Rf2
Rxc3 42. Bd2 Rb3 43. Qa8 Rb1+ 44. Nf1 Qg4+ 45. Kh2 Ng6 46. Qxa6 Qxd4 47. Qxe6+
Kh7 48. Rxf8 Qh4+ 49. Kg1 Qg3+ 50. Kh1 Nxf8 51. Qf5+ Qg6 52. Qxf8 Qe4+ 53. Kg1
Qxe5 54. Qf2 Ra1 55. Qf3 Qd4+ 56. Kg2 Ra2 57. Qf5+ Kg8 58. Qe6+ Kf8 59. Qc8+
Kf7 60. Qb7+ Ke6 61. Qc6+ Ke5 62. Qe8+ Kf6 63. Qc6+ Ke7 64. Qc7+ Qd7 65. Qe5+
Kf7 66. Qf4+ Kg6 67. Qe4+ Kf6 68. Qf4+ Ke7 69. Qe5+ Kd8 70. Qb8+ Qc8 71. Qd6+
Ke8 72. Kg3 Qf5 73. Qc6+ Kf8 74. Qxc4 Qe5+ 75. Kf3 Qh5+ 76. Kg3 Qe5+ 77. Kf3
Qh5+ 78. Kg3 Qg6+ 79. Kh3 Qf5+ 80. Kg3 Qg6+ 81. Kh3 Qh5+ 82. Kg3 1/2-1/2

[Event "Metz Fischer II-Epinal"]
[Site "Vandoeuvre"]
[Date "2008.01.20"]
[Round "6.3"]
[White "Senff, Martin"]
[Black "Bakalarz, Mietek"]
[Result "1-0"]
[WhiteElo "2457"]
[BlackElo "2347"]
[PlyCount "87"]
[EventDate "2008.01.20"]
[SourceDate "2007.10.27"]

1. e4 e5 2. Nf3 Nf6 3. Nxe5 d6 4. Nf3 Nxe4 5. Nc3 Nf6 6. d4 Be7 7. Bd3 Bg4 8.
h3 Bh5 9. g4 Bg6 10. Bf4 Na6 11. a3 c6 12. Qd2 Qa5 13. O-O-O Nd5 14. Nxd5 Qxd5
15. Bxa6 bxa6 16. Rhe1 Rd8 17. Nh4 Rd7 18. b3 Qb5 19. Re3 O-O 20. a4 Qb8 21.
Nxg6 fxg6 22. Re6 Qd8 23. Kb1 Bh4 24. Bg3 Bxg3 25. fxg3 a5 26. Rde1 Re7 27. Qc3
Qc7 28. Qc4 Kh8 29. R1e3 g5 30. h4 gxh4 31. gxh4 h6 32. g5 d5 33. Qd3 Qf4 34.
gxh6 Qf1+ 35. Qxf1 Rxf1+ 36. Kb2 Ref7 37. hxg7+ Kxg7 38. Rf6 Kxf6 39. Rc3 Kf5
40. Rxc6 Ke4 41. Rc7 Kxd4 42. Rxa7 Rh1 43. Rxa5 Rxh4 44. Rb5 1-0

[Event "Metz Fischer II-Epinal"]
[Site "Vandoeuvre"]
[Date "2008.01.20"]
[Round "6.4"]
[White "Salihu, Sami"]
[Black "Staeger, Pascal"]
[Result "0-1"]
[WhiteElo "2217"]
[BlackElo "2099"]
[PlyCount "63"]
[EventDate "2008.01.20"]
[SourceDate "2007.10.27"]

1. e4 d5 2. exd5 Qxd5 3. Nc3 Qd6 4. Bc4 Nf6 5. d3 a6 6. Nge2 b5 7. Bb3 Bb7 8.
f3 Nbd7 9. Ne4 Qb6 10. N2g3 e6 11. Qe2 Be7 12. Be3 c5 13. c3 Nd5 14. Bd2 O-O
15. c4 Nb4 16. cxb5 Rfd8 17. bxa6 Bxa6 18. Nf2 Nxd3+ 19. Nxd3 c4 20. Qe3 cxb3
21. Qxb6 Nxb6 22. Ne5 Bb5 23. a3 f6 24. Ng4 Nc4 25. Bc1 f5 26. Ne3 Ne5 27. Nd1
Nd3+ 28. Kd2 Nxb2+ 29. Kc3 Nxd1+ 30. Kxb3 Ba4+ 31. Ka2 Rab8 32. Ne2 0-1

[Event "Metz Fischer II-Epinal"]
[Site "Vandoeuvre"]
[Date "2008.01.20"]
[Round "6.5"]
[White "Carrillo, Jesus"]
[Black "Spielmann, Alain"]
[Result "0-1"]
[WhiteElo "2164"]
[BlackElo "2279"]
[PlyCount "47"]
[EventDate "2008.01.20"]
[SourceDate "2007.10.27"]

1. e4 g6 2. d4 Bg7 3. Nc3 c6 4. Be3 d5 5. h3 dxe4 6. Nxe4 Nf6 7. Nxf6+ exf6 8.
Qd2 O-O 9. Ne2 a5 10. h4 Na6 11. h5 Nb4 12. hxg6 fxg6 13. Nf4 b5 14. c4 Bf5 15.
Nd3 Bxd3 16. Bxd3 Re8 17. Be2 bxc4 18. Bxc4+ Nd5 19. O-O-O Re7 20. Rh3 Qb6 21.
Rdh1 Bf8 22. Qc2 Rb8 23. Bf4 Rd8 24. Rb3 {suite illisible} 0-1

[Event "Metz Fischer II-Epinal"]
[Site "Vandoeuvre"]
[Date "2008.01.20"]
[Round "6.6"]
[White "Cordier, Arnaud"]
[Black "Joly, Laurent"]
[Result "1-0"]
[WhiteElo "2144"]
[BlackElo "2038"]
[PlyCount "69"]
[EventDate "2008.01.20"]
[SourceDate "2007.10.27"]

1. d4 Nf6 2. c4 c5 3. d5 e6 4. Nc3 exd5 5. cxd5 d6 6. Nf3 g6 7. g3 Bg7 8. Bg2
O-O 9. O-O Re8 10. h3 Na6 11. Nd2 Nc7 12. a4 b6 13. Nc4 Ba6 14. Qb3 Qd7 15. Bf4
Bxc4 16. Qxc4 a6 17. Rae1 b5 18. Qa2 Nh5 19. Bc1 Rab8 20. g4 Nf6 21. e4 bxa4
22. f4 Qd8 23. e5 Nd7 24. Ne4 Nb5 25. e6 Nf8 26. f5 Bd4+ 27. Kh1 f6 28. g5 gxf5
29. Rxf5 fxg5 30. Bxg5 Qa5 31. Ref1 Qb4 32. Nf6+ Bxf6 33. Bxf6 Ng6 34. Rg5 Qd2
35. Qb1 1-0

[Event "Metz Fischer II-Epinal"]
[Site "Vandoeuvre"]
[Date "2008.01.20"]
[Round "6.7"]
[White "Hartmann, Dominique"]
[Black "Grenouilloux, Alain"]
[Result "0-1"]
[WhiteElo "1966"]
[BlackElo "2117"]
[PlyCount "114"]
[EventDate "2008.01.20"]
[SourceDate "2007.10.27"]

1. Nf3 d5 2. c4 e6 3. b3 Nf6 4. Bb2 g6 5. g3 Bg7 6. Bg2 O-O 7. d3 Re8 8. O-O c6
9. Nbd2 a5 10. e4 Nxe4 11. Bxg7 Nxd2 12. Qxd2 Kxg7 13. c5 e5 14. a3 f6 15. b4
Be6 16. Rfb1 axb4 17. axb4 Rxa1 18. Rxa1 Na6 19. Qb2 Qc8 20. Nd2 Nc7 21. Nb1
Bf5 22. Bf1 Nb5 23. Nd2 Bh3 24. Bg2 Bxg2 25. Kxg2 Qf5 26. Qb1 h5 27. Nf3 e4 28.
dxe4 Qxe4 29. Qxe4 Rxe4 30. Re1 Rxe1 31. Nxe1 Kf7 32. Kf3 Ke6 33. Ke3 Kf5 34.
h3 g5 35. f3 Na3 36. g4+ hxg4 37. hxg4+ Ke6 38. Kd4 Nc4 39. Nd3 Ne5 40. Ne1 f5
41. gxf5+ Kxf5 42. Ke3 Nc4+ 43. Ke2 Nb2 44. Nc2 Ke5 45. Ke3 Nc4+ 46. Kd3 Nb2+
47. Ke3 Nd1+ 48. Kd3 Nf2+ 49. Ke3 Nh3 50. Nd4 Nf4 51. Nb3 d4+ 52. Nxd4 Nd5+ 53.
Kd3 Nf4+ 54. Kc4 Nd5 55. Kd3 Nf4+ 56. Kc4 Ne6 57. Ne2 Kf5 {suite illisible} 0-1

[Event "Metz Fischer II-Epinal"]
[Site "Vandoeuvre"]
[Date "2008.01.20"]
[Round "6.8"]
[White "Baujard, Anne"]
[Black "Lupfer, Anny"]
[Result "1-0"]
[WhiteElo "1927"]
[BlackElo "1746"]
[PlyCount "61"]
[EventDate "2008.01.20"]
[SourceDate "2007.10.27"]

1. c4 c6 2. g3 Nf6 3. Bg2 d5 4. Nf3 Bf5 5. O-O e6 6. b3 Be7 7. Bb2 Nbd7 8. d3
O-O 9. Nbd2 Qb6 10. Rc1 Rac8 11. Bd4 c5 12. Ba1 Rfe8 13. cxd5 exd5 14. d4 Qa6
15. Bc3 cxd4 16. Nxd4 Bg4 17. Re1 Bc5 18. N2f3 Qb6 19. Qd3 Bxf3 20. exf3 Ne5
21. Qd2 Qa6 22. Nf5 Nd3 23. Rxe8+ Rxe8 24. Rf1 Bxf2+ 25. Rxf2 Nxf2 26. Kxf2 Re6
27. Bf1 Qa3 28. Qg5 Qxa2+ 29. Kg1 Ne8 30. Nxg7 Rg6 31. Qd8 {suite illisible}
1-0

[Event "Montrevel en Bresse-Bischwiller II"]
[Site "Montrevel en Bresse"]
[Date "2008.01.20"]
[Round "6.1"]
[White "Janev, Evgeni"]
[Black "Vasilev, Milen"]
[Result "1/2-1/2"]
[WhiteElo "2485"]
[BlackElo "2470"]
[PlyCount "20"]
[EventDate "2008.01.20"]
[SourceDate "2007.10.27"]

1. e4 c5 2. Nf3 d6 3. d4 cxd4 4. Nxd4 Nf6 5. Nc3 g6 6. g3 Bg7 7. Bg2 O-O 8. h3
Nc6 9. Nce2 Be6 10. O-O Rc8 1/2-1/2

[Event "Montrevel en Bresse-Bischwiller II"]
[Site "Montrevel en Bresse"]
[Date "2008.01.20"]
[Round "6.2"]
[White "Dobosz, Henryk"]
[Black "Lamoureux, Charles"]
[Result "1-0"]
[WhiteElo "2430"]
[BlackElo "2354"]
[PlyCount "101"]
[EventDate "2008.01.20"]
[SourceDate "2007.10.27"]

1. d4 Nf6 2. Nf3 e6 3. e3 c5 4. c4 d6 5. Nc3 Nbd7 6. Be2 a6 7. O-O Be7 8. a4
O-O 9. d5 Re8 10. e4 Nf8 11. Re1 N6d7 12. Bf1 Ng6 13. g3 Bf6 14. Ra3 h6 15. Kg2
b6 16. Ng1 Bxc3 17. Rxc3 Nf6 18. f3 Rb8 19. Nh3 exd5 20. cxd5 b5 21. axb5 axb5
22. b4 Bxh3+ 23. Kxh3 c4 24. Ra3 Ra8 25. Ree3 h5 26. Kg2 Qe7 27. Qd4 h4 28.
Rxa8 Rxa8 29. Ra3 Rxa3 30. Bxa3 hxg3 31. hxg3 Nh5 32. Bc1 Nxg3 33. Kxg3 Qh4+
34. Kg2 Qe1 35. Qe3 Qxb4 36. Kg3 Qb1 37. f4 Qa1 38. Be2 Qf6 39. Bd2 Qh4+ 40.
Kg2 c3 41. Qxc3 Nxf4+ 42. Bxf4 Qxf4 43. Qc8+ Kh7 44. Qf5+ Qxf5 45. exf5 Kh6 46.
Bxb5 Kg5 47. Be8 Kf6 48. Kf3 Ke7 49. Bb5 Kf6 50. Kf4 Ke7 51. Kg5 1-0

[Event "Montrevel en Bresse-Bischwiller II"]
[Site "Montrevel en Bresse"]
[Date "2008.01.20"]
[Round "6.3"]
[White "Todorov, Ognjan"]
[Black "Lutz, Eric"]
[Result "0-1"]
[WhiteElo "2313"]
[BlackElo "2230"]
[PlyCount "60"]
[EventDate "2008.01.20"]
[SourceDate "2007.10.27"]

1. d4 e6 2. Nf3 f5 3. g3 Nf6 4. Bg2 d5 5. c4 c6 6. O-O Bd6 7. b3 Nbd7 8. Bb2
Ne4 9. Nbd2 Qf6 10. e3 h5 11. h4 Qh6 12. Nxe4 fxe4 13. Ng5 Be7 14. f4 exf3 15.
Nxf3 g5 16. hxg5 Bxg5 17. Nxg5 Qxg5 18. Qf3 Rf8 19. Qe2 Nf6 20. Ba3 Rg8 21. Bd6
Ng4 22. Bf4 Qe7 23. e4 e5 24. dxe5 dxc4 25. Qxc4 Be6 26. Qd4 Rd8 27. Qxa7 h4
28. Rad1 hxg3 29. Bxg3 Bc8 30. Bf4 Qh4 {suite illisible} 0-1

[Event "Montrevel en Bresse-Bischwiller II"]
[Site "Montrevel en Bresse"]
[Date "2008.01.20"]
[Round "6.4"]
[White "Schulz, Vladimir"]
[Black "Cavillon, Fabien"]
[Result "1/2-1/2"]
[WhiteElo "2204"]
[BlackElo "2110"]
[PlyCount "82"]
[EventDate "2008.01.20"]
[SourceDate "2007.10.27"]

1. Nf3 e6 2. d4 Nf6 3. c4 b6 4. a3 Bb7 5. Nc3 d5 6. cxd5 exd5 7. Bg5 Be7 8. e3
O-O 9. Bd3 Nbd7 10. O-O Ne8 11. Bxe7 Qxe7 12. Qc2 h6 13. Rac1 Nd6 14. Nb5 c6
15. Nxd6 Qxd6 16. Bh7+ Kh8 17. Bf5 Kg8 18. b4 g6 19. Bxd7 Qxd7 20. Ne5 Qd6 21.
f4 Rfe8 22. f5 g5 23. f6 Rxe5 24. dxe5 Qxe5 25. Qc3 Re8 26. Qxe5 Rxe5 27. Rf3
Kh7 28. Kf2 Kg6 29. h4 g4 30. Rf4 h5 31. g3 Re6 32. e4 d4 33. Rc4 c5 34. bxc5
bxc5 35. Rxc5 Bxe4 36. Rc4 Bd3 37. Rcxd4 Re2+ 38. Kg1 Re1+ 39. Kg2 Re2+ 40. Kg1
Re1+ 41. Kg2 Re2+ 1/2-1/2

[Event "Montrevel en Bresse-Bischwiller II"]
[Site "Montrevel en Bresse"]
[Date "2008.01.20"]
[Round "6.5"]
[White "Chebance, Benoit"]
[Black "Genzling, Alain"]
[Result "1/2-1/2"]
[WhiteElo "2001"]
[BlackElo "2264"]
[PlyCount "99"]
[EventDate "2008.01.20"]
[SourceDate "2007.10.27"]

1. e4 c5 2. Nc3 Nc6 3. g3 g6 4. Bg2 Bg7 5. d3 d6 6. Be3 e6 7. Qd2 Rb8 8. Nge2
Nge7 9. O-O O-O 10. f4 Nd4 11. Nd1 Nxe2+ 12. Qxe2 b6 13. Rb1 d5 14. Nf2 Ba6 15.
exd5 exd5 16. g4 f5 17. g5 Qd7 18. Qf3 d4 19. Bd2 Bb7 20. Qg3 Bxg2 21. Qxg2 Nd5
22. Rfe1 Rfe8 23. Qf3 Kf7 24. Kf1 Rxe1+ 25. Rxe1 Re8 26. Rxe8 Kxe8 27. Nd1 Kf7
28. Kf2 b5 29. b3 a6 30. h4 h5 31. Kg3 Qc6 32. Nb2 Qe6 33. Nd1 Bf8 34. Kf2 Bd6
35. Kg3 Bc7 36. Qf2 Qd6 37. Qf3 Qe6 38. Qf2 Bb6 39. Qf3 Ke7 40. Kg2 Kd7 41. Kg3
Kc7 42. Qg2 Kb8 43. Qf3 Ka7 44. a3 c4 45. bxc4 bxc4 46. dxc4 Ne3 47. Nxe3 dxe3
48. Be1 Qxc4 49. Qd1 Bc7 50. Kf3 {suite illisible} 1/2-1/2

[Event "Montrevel en Bresse-Bischwiller II"]
[Site "Montrevel en Bresse"]
[Date "2008.01.20"]
[Round "6.6"]
[White "Netzer, Jacques"]
[Black "Lamoureux, Izabelle"]
[Result "1/2-1/2"]
[WhiteElo "2011"]
[BlackElo "2095"]
[PlyCount "45"]
[EventDate "2008.01.20"]
[SourceDate "2007.10.27"]

1. e4 c5 2. Nf3 Nc6 3. d4 cxd4 4. Nxd4 Nf6 5. Nc3 e5 6. Ndb5 d6 7. Bg5 a6 8.
Na3 b5 9. Nd5 Be7 10. Bxf6 Bxf6 11. c3 Bg5 12. Nc2 O-O 13. a4 bxa4 14. Rxa4 a5
15. Bc4 Be6 16. Nce3 Rb8 17. Ra2 g6 18. O-O Kh8 19. Qa4 Bd7 20. Qa3 Be6 21. Qa4
Bd7 22. Qa3 Be6 23. Qa4 1/2-1/2

[Event "Montrevel en Bresse-Bischwiller II"]
[Site "Montrevel en Bresse"]
[Date "2008.01.20"]
[Round "6.7"]
[White "Testard, Philippe"]
[Black "Genzling, Sylvie"]
[Result "0-1"]
[WhiteElo "1972"]
[BlackElo "1942"]
[PlyCount "70"]
[EventDate "2008.01.20"]
[SourceDate "2007.10.27"]

1. d4 d5 2. Nf3 Nf6 3. c4 e6 4. g3 c5 5. Bg2 Nc6 6. cxd5 exd5 7. O-O h6 8. dxc5
Bxc5 9. a3 O-O 10. b4 Be7 11. Bb2 Be6 12. h3 Qb6 13. Nc3 a6 14. e3 Rad8 15. Ne2
Bf5 16. Ned4 Be4 17. Rc1 Rc8 18. Qb3 Na7 19. Rfd1 Rxc1 20. Rxc1 Nc8 21. Nd2
Bxg2 22. Kxg2 Nd6 23. N4f3 Nde4 24. Bd4 Qd8 25. Qb2 Qd7 26. Nb3 Nd6 27. Nc5 Qf5
28. Nh4 Qh7 29. Qa1 Nfe4 30. Nxe4 Qxe4+ 31. f3 Qh7 32. Rc7 Bxh4 33. gxh4 Qg6+
34. Kh2 Nf5 35. Qe1 Qd6+ 0-1

[Event "Montrevel en Bresse-Bischwiller II"]
[Site "Montrevel en Bresse"]
[Date "2008.01.20"]
[Round "6.8"]
[White "Saatdjian, Stephane"]
[Black "Damboise, Pierre Olivier"]
[Result "1/2-1/2"]
[WhiteElo "1881"]
[BlackElo "1926"]
[PlyCount "62"]
[EventDate "2008.01.20"]
[SourceDate "2007.10.27"]

1. e4 c5 2. Nf3 d6 3. d4 cxd4 4. Nxd4 Nf6 5. f3 e6 6. c4 Nc6 7. Nc3 Be7 8. Be2
O-O 9. Nc2 a6 10. O-O Qb6+ 11. Kh1 Bd7 12. Rb1 Rab8 13. Be3 Qc7 14. b3 Rfd8 15.
Rc1 Be8 16. Qd2 b6 17. Rfd1 Nd7 18. Nd4 Nf8 19. Nd5 Qa7 20. Nxc6 Bxc6 21. Nxe7+
Qxe7 22. Bf4 e5 23. Be3 Ne6 24. Rc3 Nc7 25. Rd3 Ne8 26. Qc3 Qc7 27. R3d2 f6 28.
Qc2 Kh8 29. Bf1 Bd7 30. Be2 Bc6 31. Bf1 Bd7 1/2-1/2

[Event "Saverne-Grenoble"]
[Site "Montrevel en Bresse"]
[Date "2008.01.20"]
[Round "6.1"]
[White "Schlupp, Olivier"]
[Black "Foisor, Ovidiu"]
[Result "0-1"]
[WhiteElo "2142"]
[BlackElo "2401"]
[PlyCount "63"]
[EventDate "2008.01.20"]
[SourceDate "2007.10.27"]

1. e4 c6 2. c4 g6 3. Nf3 Bg7 4. Nc3 d6 5. d4 a6 6. a4 a5 7. Be2 Na6 8. O-O Bg4
9. Be3 Nf6 10. Qb3 Qc7 11. h3 Bxf3 12. Bxf3 O-O 13. Rac1 Nd7 14. Rfd1 e5 15. c5
exd4 16. cxd6 Qxd6 17. Ne2 c5 18. Bf4 Be5 19. Qb5 b6 20. Bh6 Rfd8 21. Bg4 Nf6
22. f4 Nxg4 23. hxg4 Bh8 24. e5 Qe6 25. g5 Nb4 26. Ng3 Qg4 27. Ne4 Qxf4 28.
Nf6+ Bxf6 29. exf6 d3 30. Qxb6 d2 31. Rc3 Nd3 32. Rc2 0-1

[Event "Saverne-Grenoble"]
[Site "Montrevel en Bresse"]
[Date "2008.01.20"]
[Round "6.2"]
[White "Foisor, Cristina"]
[Black "Ruffenach, Alain"]
[Result "1-0"]
[WhiteElo "2411"]
[BlackElo "2064"]
[PlyCount "81"]
[EventDate "2008.01.20"]
[SourceDate "2007.10.27"]

1. c4 Nf6 2. g3 g6 3. Bg2 Bg7 4. Nc3 d6 5. d4 O-O 6. Nf3 Nbd7 7. O-O c6 8. a4
e5 9. e3 Qc7 10. a5 Rd8 11. Bd2 Nf8 12. d5 Bf5 13. Qe2 Ne4 14. Rfd1 Nxc3 15.
Bxc3 Be4 16. a6 b6 17. Ne1 Bxg2 18. Kxg2 f5 19. Nc2 c5 20. e4 Qf7 21. Na3 Nd7
22. Nb5 Nf6 23. f3 Rd7 24. Rf1 f4 25. Kg1 Nh5 26. g4 Nf6 27. g5 Nh5 28. Qg2 Kf8
29. b4 Ke7 30. bxc5 bxc5 31. Rfb1 h6 32. gxh6 Bxh6 33. Be1 Qf6 34. Qg4 Bg5 35.
Nc3 Rc8 36. Rb7 Rcc7 37. Rab1 Ng7 38. Rxc7 Rxc7 39. Rb7 Kd8 40. Nb5 Re7 41.
Rb8# 1-0

[Event "Saverne-Grenoble"]
[Site "Montrevel en Bresse"]
[Date "2008.01.20"]
[Round "6.3"]
[White "Berring, Alain"]
[Black "Foisor, Sabina"]
[Result "0-1"]
[WhiteElo "2030"]
[BlackElo "2386"]
[PlyCount "68"]
[EventDate "2008.01.20"]
[SourceDate "2007.10.27"]

1. c4 g6 2. g3 Bg7 3. Bg2 c5 4. Nc3 e6 5. e3 Ne7 6. Nge2 d5 7. cxd5 Nxd5 8.
Nxd5 exd5 9. d4 c4 10. Nf4 Be6 11. Qf3 Nc6 12. Nxd5 O-O 13. O-O Bf5 14. Bd2 Re8
15. Nb4 Nxb4 16. Bxb4 a5 17. Bc3 Be4 18. Qd1 Bxg2 19. Kxg2 Qd5+ 20. Qf3 Re4 21.
a4 g5 22. Kg1 g4 23. Qg2 Bh6 24. Rad1 Ra6 25. Rfe1 Rae6 26. Kf1 b6 27. Ra1 Rf6
28. Kg1 Bg5 29. Rad1 h5 30. Bd2 Rf5 31. Rf1 Rf3 32. Rc1 h4 33. Rc3 h3 34. Qh1
Rxd4 0-1

[Event "Saverne-Grenoble"]
[Site "Montrevel en Bresse"]
[Date "2008.01.20"]
[Round "6.4"]
[White "Chevant, Louis"]
[Black "Brolly, Pierre Louis"]
[Result "1/2-1/2"]
[WhiteElo "2196"]
[BlackElo "1994"]
[PlyCount "57"]
[EventDate "2008.01.20"]
[SourceDate "2007.10.27"]

1. Nf3 Nf6 2. g3 e6 3. Bg2 d5 4. c4 Be7 5. O-O O-O 6. d4 dxc4 7. Ne5 Nc6 8.
Nxc6 bxc6 9. Bxc6 Rb8 10. Bf3 c5 11. dxc5 Bxc5 12. Qc2 Ba6 13. Bf4 Rc8 14. Nc3
h6 15. Rad1 Qe7 16. Na4 e5 17. Nxc5 Qxc5 18. Be3 Qe7 19. Qa4 Qe6 20. Qa3 Rfd8
21. Qa5 Rxd1 22. Rxd1 e4 23. Bg2 c3 24. bxc3 Bxe2 25. Re1 Bf3 26. Bd4 Bxg2 27.
Kxg2 Nd5 28. Kg1 a6 29. Qa4 1/2-1/2

[Event "Saverne-Grenoble"]
[Site "Montrevel en Bresse"]
[Date "2008.01.20"]
[Round "6.5"]
[White "Collonge, Rene"]
[Black "Broca, Alexandre"]
[Result "0-1"]
[WhiteElo "1988"]
[BlackElo "2149"]
[PlyCount "76"]
[EventDate "2008.01.20"]
[SourceDate "2007.10.27"]

1. e4 e5 2. Nc3 d6 3. g3 Nc6 4. Bg2 Be6 5. d3 Qd7 6. Be3 O-O-O 7. Qd2 Nge7 8.
Nge2 d5 9. exd5 Nxd5 10. Nxd5 Bxd5 11. Bxd5 Qxd5 12. O-O f5 13. Nc3 Qf7 14. f4
e4 15. Qf2 exd3 16. cxd3 h5 17. h4 a6 18. d4 Rh6 19. a3 Qb3 20. Rac1 Ne7 21.
Qc2 Qxc2 22. Rxc2 Rg6 23. Kf2 Rc6 24. Rfc1 Nd5 25. Nxd5 Rxc2+ 26. Rxc2 Rxd5 27.
Kf3 c6 28. Bf2 Kd7 29. Ke3 Rd6 30. Kf3 Re6 31. Re2 g6 32. Rxe6 Kxe6 33. Ke3 Kd5
34. Kd3 Bg7 35. Be3 c5 36. b3 Bxd4 37. Bxd4 cxd4 38. a4 a5 0-1

[Event "Saverne-Grenoble"]
[Site "Montrevel en Bresse"]
[Date "2008.01.20"]
[Round "6.6"]
[White "Rodrigues, Emmanuel"]
[Black "Kuchly, Audrey"]
[Result "1-0"]
[WhiteElo "2149"]
[BlackElo "1620"]
[PlyCount "33"]
[EventDate "2008.01.20"]
[SourceDate "2007.10.27"]

1. d4 e6 2. e4 d5 3. Be3 dxe4 4. Nd2 Nf6 5. f3 b6 6. fxe4 Bb7 7. Bd3 Nbd7 8.
Ngf3 Be7 9. O-O O-O 10. Qe1 c5 11. c3 Qc7 12. e5 Ne8 13. Bg5 Bxg5 14. Bxh7+ Kh8
15. Nxg5 f6 16. Nxe6 Qc6 17. Be4 1-0

[Event "Reims Echec et Mat-Metz Fischer II"]
[Site "Reims"]
[Date "2008.02.10"]
[Round "7.1"]
[White "Camus, Berenger"]
[Black "Gladyszev, Oleg"]
[Result "0-1"]
[WhiteElo "2154"]
[BlackElo "2485"]
[PlyCount "54"]
[EventDate "2008.02.10"]
[SourceDate "2007.10.27"]

1. d4 Nf6 2. c4 g6 3. Nc3 d5 4. Bf4 Bg7 5. e3 c5 6. dxc5 Qa5 7. Qa4+ Qxa4 8.
Nxa4 Bd7 9. Nc3 Ne4 10. Nxd5 Na6 11. f3 Nexc5 12. O-O-O e6 13. Nc7+ Nxc7 14.
Bxc7 Rc8 15. Bd6 b5 16. e4 bxc4 17. e5 Ba4 18. Rd4 Nd3+ 19. Bxd3 cxd3+ 20. Kd2
Bb5 21. Nh3 Rc2+ 22. Ke3 Bh6+ 23. f4 Re2+ 24. Kf3 Bc6+ 25. Kg3 Rxg2+ 26. Kh4 d2
27. Rg1 Rxg1 0-1

[Event "Reims Echec et Mat-Metz Fischer II"]
[Site "Reims"]
[Date "2008.02.10"]
[Round "7.2"]
[White "Pucher, Olivier"]
[Black "Varoquier, Romain"]
[Result "1-0"]
[WhiteElo "2329"]
[BlackElo "2068"]
[PlyCount "99"]
[EventDate "2008.02.10"]
[SourceDate "2007.10.27"]

1. d4 d5 2. c4 e6 3. Nf3 Nf6 4. g3 Be7 5. Bg2 O-O 6. O-O c5 7. cxd5 Nxd5 8. e4
Nf6 9. Nc3 cxd4 10. Nxd4 e5 11. Nf5 Bb4 12. Bg5 Bxc3 13. bxc3 Qxd1 14. Ne7+ Kh8
15. Rfxd1 Be6 16. Nd5 Nbd7 17. f4 Rac8 18. fxe5 Ng4 19. Be7 Rfe8 20. Bd6 Bxd5
21. exd5 Rxc3 22. e6 fxe6 23. dxe6 Ndf6 24. Bxb7 Rxe6 25. Bb4 Rc4 26. Rd8+ Re8
27. Rxe8+ Nxe8 28. a3 h5 29. h3 Nh6 30. Re1 Nf6 31. Re5 Rc1+ 32. Kg2 Rc2+ 33.
Kf3 Rh2 34. Bc8 Rc2 35. Rc5 Rxc5 36. Bxc5 a5 37. Be6 g5 38. Bd4 Kg7 39. a4 Nf7
40. Bc3 Nd8 41. Bd5 Kg6 42. Ba8 g4+ 43. hxg4 hxg4+ 44. Ke3 Nh5 45. Bxa5 Ne6 46.
Be1 Kf6 47. a5 Ke5 48. a6 Nc7 49. Bb7 Nb5 50. Kd3 1-0

[Event "Reims Echec et Mat-Metz Fischer II"]
[Site "Reims"]
[Date "2008.02.10"]
[Round "7.3"]
[White "Oudot, Jean Baptiste"]
[Black "Pucher, Sebastien"]
[Result "1-0"]
[WhiteElo "2113"]
[BlackElo "2241"]
[PlyCount "67"]
[EventDate "2008.02.10"]
[SourceDate "2007.10.27"]

1. e4 c5 2. Nf3 d6 3. d4 cxd4 4. Nxd4 Nf6 5. Nc3 a6 6. Bc4 e6 7. Bb3 Nbd7 8.
Bg5 Nc5 9. f4 Qc7 10. Qe2 Be7 11. e5 dxe5 12. fxe5 Nxb3 13. axb3 Nd5 14. Ndb5
axb5 15. Qxb5+ Qd7 16. Rxa8 Qxb5 17. Nxb5 Nb6 18. Bxe7 Nxa8 19. Bb4 f6 20. O-O
f5 21. Rd1 Kf7 22. c4 Nb6 23. Ba5 Na8 24. Kf2 b6 25. Bb4 g5 26. Ra1 Bd7 27. Ra7
Rd8 28. Nd6+ Kg6 29. h3 h5 30. Bd2 f4 31. h4 f3 32. Bxg5 Rf8 33. Rxd7 fxg2+ 34.
Kxg2 1-0

[Event "Reims Echec et Mat-Metz Fischer II"]
[Site "Reims"]
[Date "2008.02.10"]
[Round "7.4"]
[White "Carrillo, Jesus"]
[Black "Garcia, Gilles"]
[Result "1/2-1/2"]
[WhiteElo "2164"]
[BlackElo "2026"]
[PlyCount "50"]
[EventDate "2008.02.10"]
[SourceDate "2007.10.27"]

1. e4 d5 2. exd5 Nf6 3. d4 Bg4 4. Nf3 Qxd5 5. Be2 Nc6 6. c4 Qh5 7. d5 Ne5 8.
Nxe5 Qxe5 9. f3 Bd7 10. Nc3 e6 11. f4 Qd6 12. O-O Qb6+ 13. Kh1 Bc5 14. Na4 Qa5
15. Nxc5 Qxc5 16. b4 Qxb4 17. Qd3 exd5 18. Ba3 Qxc4 19. Qe3+ Qe4 20. Qc5 O-O-O
21. Rac1 Bc6 22. Ba6 Kb8 23. Qxc6 bxc6 24. Rb1+ Ka8 25. Bb7+ Kb8 1/2-1/2

[Event "Reims Echec et Mat-Metz Fischer II"]
[Site "Reims"]
[Date "2008.02.10"]
[Round "7.5"]
[White "Todorova, Maya"]
[Black "Staeger, Pascal"]
[Result "1/2-1/2"]
[WhiteElo "1990"]
[BlackElo "2099"]
[PlyCount "64"]
[EventDate "2008.02.10"]
[SourceDate "2007.10.27"]

1. e4 d5 2. exd5 Qxd5 3. Nc3 Qd6 4. g3 e5 5. Bg2 Nf6 6. h3 c6 7. Nf3 Be7 8. O-O
O-O 9. Re1 Nfd7 10. d4 f6 11. Qe2 Na6 12. dxe5 fxe5 13. Nxe5 Nxe5 14. Qxe5 Qxe5
15. Rxe5 Bf6 16. Re2 Rd8 17. Bf4 Bf5 18. a3 Nc5 19. Rae1 Rd7 20. Be5 a5 21.
Bxf6 gxf6 22. g4 Bg6 23. Ne4 Nxe4 24. Bxe4 Kf7 25. f4 Bxe4 26. Rxe4 h5 27. Kf2
Rd2+ 28. Kf3 hxg4+ 29. hxg4 Rd7 30. R1e2 Rh8 31. g5 fxg5 32. fxg5 Rh1 1/2-1/2

[Event "Reims Echec et Mat-Metz Fischer II"]
[Site "Reims"]
[Date "2008.02.10"]
[Round "7.6"]
[White "Hartmann, Dominique"]
[Black "Castanier, Carl"]
[Result "1-0"]
[WhiteElo "1966"]
[BlackElo "1978"]
[PlyCount "87"]
[EventDate "2008.02.10"]
[SourceDate "2007.10.27"]

1. c4 e5 2. Nc3 Nc6 3. Nf3 g6 4. g3 Bg7 5. Bg2 Nge7 6. O-O O-O 7. d3 d5 8. cxd5
Nxd5 9. Bd2 Nde7 10. Rc1 Nf5 11. Bg5 f6 12. Bd2 h5 13. h4 Ncd4 14. Nxd4 Nxd4
15. e3 Nf5 16. Qb3+ Kh7 17. Ne4 c6 18. Rfd1 Qb6 19. Qa3 Re8 20. Bb4 Qc7 21. Nd6
Nxd6 22. Bxd6 Qf7 23. d4 Bg4 24. Rd2 Rac8 25. dxe5 fxe5 26. Bb4 e4 27. Bc3 Bf8
28. Qxa7 Rcd8 29. Rxd8 Rxd8 30. Bxe4 Qc4 31. Qxb7+ Rd7 32. Qxc6 Qg8 33. Bd4 Bd6
34. Qc8 Rd8 35. Qb7+ Rd7 36. Qa8 Rd8 37. Qb7+ Rd7 38. Rc8 Rxb7 39. Rxg8 Kxg8
40. Bxb7 Kf7 41. a4 Bc7 42. b4 Ke7 43. a5 Kd7 44. a6 1-0